000 00350nam a22001577a 4500
003 SGT
020 _a978-93-5152-103-7
082 _a610.73678
_bB14S
100 _aSAXENA, RICHA
245 _aBEDSIDE OBSTETRICS & GYNECOLOGY
250 _a2ND
260 _aINDIA
_bJAYPEE
_c2014
300 _a1158
650 _aOBSTETRIC
942 _2ddc
_cBK
_03
999 _c10821
_d10821